[Event "Open Sport & Cultura A"]
[Site "Milano ITA"]
[Date "2010.02.14"]
[Round "5"]
[White "Didoni, Renato"]
[Black "Mariucci, Felice"]
[Result "1/2-1/2"]
[WhiteElo "1977"]
[BlackElo "1744"]
[PlyCount "100"]
[EventDate "2010.02.12"]

1. Nf3 Nf6 2. d4 e6 3. c4 Bb4+ 4. Nc3 b6 5. Qc2 Bb7 6. Bd2 O-O 7. g3 d6 8. Bg2
Nbd7 9. O-O Bxc3 10. Bxc3 Rb8 11. b3 Ne4 12. Bb2 f5 13. Rad1 Ndf6 14. Qc1 Qe8
15. Qf4 h6 16. h4 Qg6 17. Rd3 Nh5 18. Qc1 f4 19. d5 exd5 20. cxd5 Ba6 21. Qxc7
Bxd3 22. exd3 Nc5 23. g4 Qxg4 24. Qxd6 Rbd8 25. Qe7 Rd7 26. Qe2 Rxd5 27. d4 Ne6
28. Qc4 Rfd8 29. Ne5 Rxe5 30. dxe5 Kh8 31. Qe4 Qxh4 32. Qf5 Qg5 33. Qxg5 Nxg5
34. Bc6 Kh7 35. Bc1 Ne6 36. Bf3 g6 37. Rd1 Rxd1+ 38. Bxd1 Nhg7 39. Kg2 g5 40.
Kf3 Kg6 41. Ke4 h5 42. Kd5 g4 43. b4 Kg5 44. Ke4 h4 45. Be2 h3 46. Bf1 Nh5 47.
Kd5 Nhg7 48. Ke4 h2 49. Bg2 Nf5 50. Kd5 Nh4 1/2-1/2

[Event "Open Sport & Cultura A"]
[Site "Milano ITA"]
[Date "2010.02.14"]
[Round "5"]
[White "Krstic, Dragan"]
[Black "Vece, Luigi"]
[Result "1-0"]
[WhiteElo "1768"]
[BlackElo "1697"]
[PlyCount "65"]
[EventDate "2010.02.12"]

1. b3 e5 2. c4 Nf6 3. Nc3 Nc6 4. g3 Be7 5. Bg2 O-O 6. Bb2 d6 7. Nd5 Bf5 8. Nf3
Nxd5 9. cxd5 Nb4 10. d3 Bf6 11. e4 Bg4 12. Qd2 Na6 13. Rc1 Bxf3 14. Bxf3 Bg5
15. Qc3 Bxc1 16. Bxc1 f5 17. O-O Nc5 18. b4 fxe4 19. dxe4 Qf6 20. Bg2 Na6 21.
Be3 b5 22. a3 Qe7 23. Qc6 Nxb4 24. axb4 Rfb8 25. Ra1 a5 26. bxa5 b4 27. a6 Qe8
28. Qxc7 b3 29. a7 Rb4 30. Bf1 b2 31. Rb1 Rc8 32. Qxd6 Qa4 33. Qe6+ 1-0

[Event "Open Sport & Cultura A"]
[Site "Milano ITA"]
[Date "2010.02.14"]
[Round "5"]
[White "Lanzani, Giuliano"]
[Black "Necchi, Flavio"]
[Result "1/2-1/2"]
[WhiteElo "2002"]
[BlackElo "1766"]
[PlyCount "84"]
[EventDate "2010.02.12"]

1. e4 c5 2. Nf3 d6 3. d4 cxd4 4. Nxd4 Nf6 5. Nc3 a6 6. Bg5 e6 7. f4 Be7 8. Qf3
Qc7 9. O-O-O Nbd7 10. Bd3 b5 11. Kb1 Bb7 12. Rhe1 Nc5 13. Bxf6 Bxf6 14. Bxb5+
axb5 15. Ndxb5 Qb6 16. b4 Nxe4 17. Nxe4 Bxe4 18. Qxe4 Rd8 19. c4 O-O 20. Qe3
Qc6 21. Qd3 Qxg2 22. Re2 Qb7 23. a3 Be7 24. Ka2 Ra8 25. f5 e5 26. Qd5 Qa6 27.
Rd3 Qb6 28. Rg2 Rfd8 29. Rdg3 Bf8 30. Rxg7+ Bxg7 31. f6 Kf8 32. fxg7+ Kg8 33.
Kb3 Qe3+ 34. Nc3 Rxa3+ 35. Kxa3 Qxc3+ 36. Ka4 Qa1+ 37. Kb3 Ra8 38. Rb2 Ra3+ 39.
Kc2 Qf1 40. Qe4 Qf2+ 41. Kb1 Qf1+ 42. Kc2 Qf2+ 1/2-1/2

[Event "Open Sport & Cultura A"]
[Site "Milano ITA"]
[Date "2010.02.14"]
[Round "5"]
[White "Lovati, Emilio"]
[Black "Margstahler, Francesco"]
[Result "0-1"]
[WhiteElo "1374"]
[BlackElo "1836"]
[PlyCount "60"]
[EventDate "2010.02.12"]

1. e4 c6 2. d4 d5 3. exd5 cxd5 4. Bd3 Nc6 5. c3 Qc7 6. Ne2 Bg4 7. f3 Bd7 8. O-O
Nf6 9. Bf4 e5 10. dxe5 Nxe5 11. Na3 Bd6 12. Nb5 Bxb5 13. Bxb5+ Nc6 14. Bxd6
Qxd6 15. Qd2 O-O 16. Ng3 Qc5+ 17. Kh1 Qxb5 18. Rae1 Rae8 19. Nf5 Rxe1 20. Rxe1
Ne5 21. h4 Ng6 22. g4 h5 23. gxh5 Nxh5 24. Qd4 Qc4 25. Qd2 Qf4 26. Qxf4 Ngxf4
27. Re7 Nd3 28. Rxb7 Re8 29. Kh2 Re2+ 30. Kh3 Ndf4+ 0-1

[Event "Open Sport & Cultura A"]
[Site "Milano ITA"]
[Date "2010.02.14"]
[Round "5"]
[White "Madaschi, Sergio"]
[Black "Lipari, Alberto"]
[Result "1-0"]
[WhiteElo "1587"]
[BlackElo "1609"]
[PlyCount "113"]
[EventDate "2010.02.12"]

1. d4 d5 2. c4 Nf6 3. Nf3 Nc6 4. e3 Bg4 5. Nbd2 e6 6. Be2 Bb4 7. O-O b6 8. Qc2
Bxd2 9. Bxd2 Qd6 10. cxd5 Bxf3 11. Bxf3 Nxd5 12. Bxd5 exd5 13. Rac1 Kd7 14. Qa4
a6 15. a3 f5 16. Bb4 Qf6 17. Be7 Qe6 18. Bh4 b5 19. Qc2 Rhf8 20. Bg3 g5 21. Be5
Rac8 22. Bg3 f4 23. exf4 gxf4 24. Bh4 Nxd4 25. Qxh7+ Kd6 26. Rce1 Ne2+ 27. Kh1
Rh8 28. Qe7+ Qxe7 29. Bxe7+ Kxe7 30. Rxe2+ Kd6 31. Rfe1 c6 32. Re6+ Kc5 33.
Rc1+ Kb6 34. Rce1 Ka5 35. Rf6 d4 36. Rxf4 c5 37. g3 d3 38. Rd1 c4 39. Rd2 Ka4
40. Re4 Rhd8 41. f4 Kb3 42. Re1 c3 43. bxc3 Rxc3 44. f5 Rc2 45. Rg2 Rxg2 46.
Kxg2 d2 47. Rd1 Kc2 48. Rf1 d1=Q 49. Rxd1 Kxd1 50. g4 Rg8 51. Kg3 Ke2 52. Kf4
Kd3 53. g5 Kd4 54. f6 Rf8 55. Kf5 a5 56. g6 Kd5 57. f7 1-0

[Event "Open Sport & Cultura A"]
[Site "Milano ITA"]
[Date "2010.02.14"]
[Round "5"]
[White "Manini, Paolo"]
[Black "Rambaldi, Francesco"]
[Result "1/2-1/2"]
[WhiteElo "1788"]
[BlackElo "1901"]
[PlyCount "113"]
[EventDate "2010.02.12"]

1. d4 Nf6 2. c4 e6 3. Nc3 d5 4. Bg5 c5 5. e3 cxd4 6. exd4 Bb4 7. Nf3 O-O 8. Bd3
dxc4 9. Bxc4 b6 10. O-O Bb7 11. a3 Be7 12. Rc1 Nbd7 13. Re1 Rc8 14. Qd3 h6 15.
Bh4 Re8 16. Ba6 Bxa6 17. Qxa6 Nh5 18. Bxe7 Rxe7 19. Nb5 Ra8 20. Nxa7 Rxa7 21.
Qxa7 Nc5 22. Qxe7 Qxe7 23. dxc5 bxc5 24. Re5 Nf4 25. Ne1 Qb7 26. Rc2 Nd5 27. h3
Kf8 28. Ree2 Qb5 29. Re4 Nb6 30. Re5 Nc4 31. Ree2 Ke7 32. Nf3 f6 33. Nh2 g5 34.
Ng4 h5 35. Ne3 Ne5 36. Red2 Nc6 37. Nd1 Nd4 38. Nc3 Qa6 39. Rc1 Nb3 40. Rcd1
Nxd2 41. Rxd2 f5 42. a4 Qa5 43. Re2 Kf6 44. Rd2 Qb4 45. Re2 g4 46. h4 Qd4 47.
g3 Qb4 48. Kf1 Qb7 49. Kg1 Qf3 50. Re3 Qb7 51. Re2 Qb8 52. Kf1 Qb4 53. Kg2 Qd4
54. Kg1 f4 55. Re4 Qd2 56. Rxf4+ Kg6 57. Re4 1/2-1/2

[Event "Open Sport & Cultura A"]
[Site "Milano ITA"]
[Date "2010.02.14"]
[Round "5"]
[White "Martinez, Rolly"]
[Black "Bellia, Fabrizio"]
[Result "1-0"]
[WhiteElo "2423"]
[BlackElo "2408"]
[PlyCount "91"]
[EventDate "2010.02.12"]

1. e4 e5 2. Bc4 Nf6 3. d3 c6 4. Nf3 d5 5. Bb3 Bd6 6. Nc3 Be6 7. Bg5 d4 8. Ne2
h6 9. Bd2 Nbd7 10. Ng3 Nc5 11. Bxe6 Nxe6 12. h3 Bc7 13. a4 Ng8 14. O-O Ne7 15.
Nh2 c5 16. Qf3 Nc6 17. Nh5 Qe7 18. Ng4 O-O-O 19. a5 a6 20. Rfb1 Kb8 21. Ra4 Qd7
22. Rc4 Bxa5 23. Bxa5 Nxa5 24. Nxe5 Qc7 25. Ra4 Qxe5 26. Rxa5 Qc7 27. Ra4 Rd6
28. Raa1 Rb6 29. b3 g6 30. Ng3 h5 31. Nf1 g5 32. Qf5 h4 33. Nd2 Rc6 34. e5 Rg8
35. Ne4 Rg7 36. Nf6 Qe7 37. b4 Qd8 38. b5 axb5 39. Rxb5 b6 40. Qe4 Kb7 41. Rb3
Nc7 42. Rba3 Nb5 43. Ra4 Qe7 44. R1a2 Qc7 45. Ra8 Rg6 46. Rh8 1-0

[Event "Open Sport & Cultura A"]
[Site "Milano ITA"]
[Date "2010.02.14"]
[Round "5"]
[White "Miracola, Massimiliano"]
[Black "Reale, Simone"]
[Result "1/2-1/2"]
[WhiteElo "1545"]
[BlackElo "1868"]
[PlyCount "86"]
[EventDate "2010.02.12"]

1. e4 c5 2. Nf3 d6 3. d4 cxd4 4. Nxd4 Nf6 5. Nc3 a6 6. Be3 e5 7. Nb3 Be7 8. f3
Be6 9. Qd2 O-O 10. O-O-O a5 11. Bb5 Nbd7 12. g4 Nb6 13. Kb1 Qc7 14. h4 Nc4 15.
Bxc4 Bxc4 16. h5 b5 17. g5 Nd7 18. Nd5 Bxd5 19. Qxd5 a4 20. Nc1 a3 21. Ne2 Rfc8
22. Rd2 axb2 23. g6 Rf8 24. gxf7+ Kh8 25. Ng3 Nf6 26. Qb3 d5 27. Qxb2 Ba3 28.
Qb3 Ra4 29. Ka1 d4 30. Bg5 Qa5 31. Bxf6 Rb4 32. Nf5 gxf6 33. Qe6 Bb2+ 34. Kb1
Bc3+ 35. Kc1 Bxd2+ 36. Kxd2 Rb3+ 37. Kd1 Rb1+ 38. Ke2 d3+ 39. cxd3 Rb2+ 40. Kf1
Rb1+ 41. Ke2 Rb2+ 42. Kf1 Rb1+ 43. Ke2 Rb2+ 1/2-1/2

[Event "Open Sport & Cultura A"]
[Site "Milano ITA"]
[Date "2010.02.14"]
[Round "5"]
[White "Olivieri, Alessandro"]
[Black "Primerano, Carlo"]
[Result "1-0"]
[WhiteElo "1936"]
[BlackElo "1734"]
[PlyCount "75"]
[EventDate "2010.02.12"]

1. d4 Nf6 2. c4 e6 3. Nc3 Bb4 4. e3 b6 5. Nge2 Bb7 6. a3 Bxc3+ 7. Nxc3 d6 8.
Bd3 c5 9. O-O O-O 10. dxc5 bxc5 11. b4 Nbd7 12. Nb5 Ne5 13. Nxd6 cxb4 14. axb4
Nxd3 15. Qxd3 Ne4 16. Rd1 Qxd6 17. Qxd6 Nxd6 18. Rxd6 Rfd8 19. Rxd8+ Rxd8 20.
Bb2 f6 21. b5 a6 22. b6 Rd2 23. Ba3 Kf7 24. c5 Ke8 25. Kf1 Kd7 26. Ke1 Rc2 27.
Rd1+ Ke8 28. Rd6 e5 29. Re6+ Kd8 30. Re7 Kc8 31. Rc7+ Kb8 32. Rxg7 Ra2 33. Rg8+
Bc8 34. c6 Ra1+ 35. Ke2 Rxa3 36. b7 Ra2+ 37. Kf3 e4+ 38. Kxe4 1-0

[Event "Open Sport & Cultura A"]
[Site "Milano ITA"]
[Date "2010.02.14"]
[Round "5"]
[White "Petetta, Roberto"]
[Black "Cannetta, Stefano"]
[Result "0-1"]
[WhiteElo "1649"]
[BlackElo "1616"]
[PlyCount "58"]
[EventDate "2010.02.12"]

1. e4 Nf6 2. Nc3 d5 3. d4 dxe4 4. f3 exf3 5. Nxf3 Bg4 6. Be2 e6 7. O-O Nbd7 8.
Bf4 a6 9. a3 Be7 10. Bc4 O-O 11. Qe2 Nb6 12. Ba2 Bxf3 13. Qxf3 Qxd4+ 14. Be3
Qh4 15. Bf2 Qh5 16. Qxb7 Bd6 17. h3 Qe5 18. g3 Nbd5 19. Na4 Qg5 20. Bxd5 exd5
21. Qb3 Ne4 22. h4 Qg4 23. Qxd5 Bxg3 24. Bxg3 Qxg3+ 25. Kh1 Qxh4+ 26. Kg1 Qg4+
27. Kh2 Qg3+ 28. Kh1 Rae8 29. Qd4 Re6 0-1

[Event "Open Sport & Cultura A"]
[Site "Milano ITA"]
[Date "2010.02.14"]
[Round "5"]
[White "Pili, Giangiuseppe"]
[Black "Marchini, Daniele"]
[Result "0-1"]
[WhiteElo "1669"]
[BlackElo "1802"]
[PlyCount "50"]
[EventDate "2010.02.12"]

1. d4 Nf6 2. Nf3 g6 3. c4 Bg7 4. Nc3 d5 5. Bf4 c5 6. e3 cxd4 7. Nxd4 Nc6 8. Qb3
Nxd4 9. exd4 e6 10. Qb4 b6 11. Be5 Bf8 12. Qb3 dxc4 13. Bxc4 Be7 14. Bb5+ Bd7
15. Ne4 O-O 16. Nxf6+ Bxf6 17. Bxd7 Bxe5 18. dxe5 Qxd7 19. O-O Rac8 20. Rfd1
Qc7 21. Qe3 Rfd8 22. Rxd8+ Rxd8 23. Rc1 Qc2 24. g3 Qxb2 25. Qb3 Qxc1+ 0-1

[Event "Open Sport & Cultura A"]
[Site "Milano ITA"]
[Date "2010.02.14"]
[Round "5"]
[White "Ramella, Stefano"]
[Black "Moroni, Luca jr"]
[Result "1-0"]
[WhiteElo "1775"]
[BlackElo "1600"]
[PlyCount "71"]
[EventDate "2010.02.12"]

1. e4 c5 2. Nf3 d6 3. d4 cxd4 4. Nxd4 Nf6 5. Nc3 a6 6. Be2 e6 7. Be3 Be7 8. O-O
Qc7 9. Nb3 Nc6 10. f3 b5 11. a3 Bb7 12. Qe1 O-O 13. Qg3 Kh8 14. Rad1 Ne5 15.
Nd4 Rac8 16. Bd3 Ned7 17. Nce2 e5 18. Nf5 Nh5 19. Qg4 Ndf6 20. Qh4 g6 21. Nxe7
Qxe7 22. Bg5 Kg7 23. g4 h6 24. gxh5 hxg5 25. Qxg5 Rh8 26. Ng3 Kh7 27. hxg6+
fxg6 28. f4 Rcf8 29. f5 gxf5 30. Qxf5+ Kg7 31. Qg5+ Kh7 32. Kh1 Qg7 33. Qxg7+
Kxg7 34. Nf5+ Kg6 35. Rg1+ Kh5 36. Be2+ 1-0

[Event "Open Sport & Cultura A"]
[Site "Milano ITA"]
[Date "2010.02.14"]
[Round "5"]
[White "Rizzi, Domenico"]
[Black "Chinnici, Giorgio"]
[Result "0-1"]
[WhiteElo "1659"]
[BlackElo "1719"]
[PlyCount "72"]
[EventDate "2010.02.12"]

1. e4 e5 2. Nf3 Nc6 3. Bc4 Nf6 4. Ng5 d5 5. exd5 Na5 6. Bb5+ c6 7. dxc6 bxc6 8.
Be2 h6 9. Nf3 e4 10. Ne5 Bd6 11. d4 exd3 12. Nxd3 O-O 13. O-O Qc7 14. g3 Bh3
15. Re1 Rad8 16. c3 c5 17. Qc2 Bf5 18. Qa4 Rfe8 19. Be3 Rxe3 20. fxe3 Bxg3 21.
Nf4 Bxe1 22. Ng2 Bd2 23. Na3 Bh3 24. Nb5 Qb7 25. Bf1 Nc6 26. e4 c4 27. Qxc4
Qb6+ 28. Kh1 Ng4 29. Nd4 Nxd4 30. cxd4 Qxd4 31. Qxd4 Rxd4 32. Kg1 Rxe4 33. Bd3
Rd4 34. Be2 Ne3 35. Bf1 Nxg2 36. Bxg2 Rg4 0-1

[Event "Open Sport & Cultura A"]
[Site "Milano ITA"]
[Date "2010.02.14"]
[Round "5"]
[White "Ruggeri, Igor"]
[Black "Veri', Giustino"]
[Result "0-1"]
[WhiteElo "1468"]
[BlackElo "1630"]
[PlyCount "56"]
[EventDate "2010.02.12"]

1. d4 Nf6 2. c4 g6 3. Nc3 d5 4. e3 Bg7 5. Nf3 O-O 6. h3 c6 7. Bd3 dxc4 8. Bxc4
b5 9. Bd3 Bb7 10. O-O a6 11. Bd2 Nbd7 12. a3 c5 13. dxc5 Nxc5 14. Be2 Nce4 15.
Nxe4 Nxe4 16. Bc3 Nxc3 17. bxc3 Bxc3 18. Rc1 Bb2 19. Qxd8 Raxd8 20. Rc7 Bxf3
21. Bxf3 Bxa3 22. Ra7 Rb8 23. Rxa6 Bd6 24. Rb1 b4 25. Rb3 Rfc8 26. Rc6 Rxc6 27.
Bxc6 Rc8 28. g3 Rxc6 0-1

[Event "Open Sport & Cultura A"]
[Site "Milano ITA"]
[Date "2010.02.14"]
[Round "5"]
[White "Salvador, Roland"]
[Black "Turov, Maxim"]
[Result "0-1"]
[WhiteElo "2472"]
[BlackElo "2584"]
[PlyCount "80"]
[EventDate "2010.02.12"]

1. d4 Nf6 2. Nf3 g6 3. c4 Bg7 4. Nc3 d5 5. cxd5 Nxd5 6. e4 Nxc3 7. bxc3 c5 8.
Rb1 O-O 9. Be2 Nd7 10. O-O Qc7 11. e5 Nb6 12. Ba3 cxd4 13. cxd4 Be6 14. Qd2
Rfc8 15. Rfc1 Qd7 16. Bc5 Nd5 17. a4 b6 18. Bb5 Qb7 19. Ba3 h6 20. Bd3 Rxc1+
21. Rxc1 Rc8 22. Be4 Rxc1+ 23. Qxc1 Qd7 24. Qc2 Bf5 25. Nd2 Bxe4 26. Nxe4 Nf4
27. Bb2 Qd5 28. f3 Ne6 29. Qd2 f5 30. exf6 exf6 31. Qxh6 f5 32. Qxg6 fxe4 33.
fxe4 Qa2 34. e5 Qb3 35. h3 Nf8 36. Qb1 Qxa4 37. Qd3 Qa2 38. Ba3 Ne6 39. d5 Nf4
40. Qf3 Qa1+ 0-1

[Event "Open Sport & Cultura A"]
[Site "Milano ITA"]
[Date "2010.02.14"]
[Round "5"]
[White "Sanchez, Joseph"]
[Black "Orsi, Matteo"]
[Result "1-0"]
[WhiteElo "2490"]
[BlackElo "1950"]
[PlyCount "63"]
[EventDate "2010.02.12"]

1. e4 c6 2. d4 d5 3. f3 e6 4. Nc3 Nf6 5. e5 Nfd7 6. f4 c5 7. Nf3 Nc6 8. Be3 Be7
9. Qd2 a6 10. Qf2 cxd4 11. Nxd4 Nxd4 12. Bxd4 b5 13. O-O-O Qa5 14. Kb1 b4 15.
Ne2 Nc5 16. h4 h5 17. Qe3 Qc7 18. Ng1 Bd7 19. Nf3 a5 20. Ng5 a4 21. Be2 b3 22.
cxb3 axb3 23. a3 Ne4 24. Rc1 Qb7 25. Nxe4 dxe4 26. Bc5 Rc8 27. Bxe7 Kxe7 28.
Bc4 Ba4 29. f5 exf5 30. Qg5+ Kf8 31. Qxf5 Bc6 32. Bxf7 1-0

[Event "Open Sport & Cultura A"]
[Site "Milano ITA"]
[Date "2010.02.14"]
[Round "5"]
[White "Stanzani, Maurizio"]
[Black "Del Noce, Roberto"]
[Result "0-1"]
[WhiteElo "1657"]
[BlackElo "1869"]
[PlyCount "72"]
[EventDate "2010.02.12"]

1. d4 Nf6 2. c4 c5 3. d5 b5 4. cxb5 a6 5. Nc3 axb5 6. Nxb5 g6 7. d6 Qa5+ 8. Nc3
exd6 9. e3 Bg7 10. Bd2 O-O 11. Nd5 Qd8 12. Bc3 Nxd5 13. Qxd5 Bxc3+ 14. bxc3 Qa5
15. Qd2 Bb7 16. Nf3 Nc6 17. Be2 Ne5 18. Nxe5 dxe5 19. O-O d5 20. Rfb1 Bc6 21.
Rb2 Rfb8 22. Rab1 Qa7 23. h4 Rxb2 24. Rxb2 h5 25. g4 hxg4 26. Bxg4 Qe7 27. Bf3
Qxh4 28. Bxd5 Bxd5 29. Qxd5 Rd8 30. Qf3 e4 31. Qe2 Qg5+ 32. Kf1 Kg7 33. Qe1 Qh5
34. Rb1 Qh1+ 35. Ke2 Qf3+ 36. Kf1 Rh8 0-1

[Event "Open Sport & Cultura A"]
[Site "Milano ITA"]
[Date "2010.02.14"]
[Round "5"]
[White "Travaglini, Renzo"]
[Black "Martelli, Tommaso"]
[Result "0-1"]
[WhiteElo "1622"]
[BlackElo "1900"]
[PlyCount "86"]
[EventDate "2010.02.12"]

1. e4 e5 2. Nf3 Nc6 3. Bb5 a6 4. Ba4 Nf6 5. O-O Be7 6. Re1 b5 7. Bb3 O-O 8. c3
d5 9. d3 Bg4 10. h3 Bh5 11. Nbd2 dxe4 12. dxe4 Bc5 13. Nf1 Qe7 14. Ng3 Bg6 15.
Bc2 Rad8 16. Qe2 Nh5 17. Nf5 Bxf5 18. exf5 Ng3 19. Qd2 Rxd2 20. Bxd2 e4 21. Bf4
Qf6 22. Bg5 Qxf5 23. Bh4 e3 24. Bxf5 exf2+ 25. Kh2 fxe1=Q 26. Bxh7+ Kxh7 27.
Rxe1 Nf5 28. Bg5 Bd6+ 29. Kg1 f6 30. Bc1 Ne5 31. Nxe5 Bxe5 32. g4 Nd6 33. Re2
Re8 34. Kg2 c5 35. Kf3 c4 36. Bd2 g5 37. Kg2 Kg6 38. Kf3 Nb7 39. Be1 Nc5 40. h4
gxh4 41. Bxh4 Rh8 42. Bf2 Nd3 43. Bd4 Rh2 0-1

[Event "Open Sport & Cultura A"]
[Site "Milano ITA"]
[Date "2010.02.14"]
[Round "5"]
[White "Vezzosi, Paolo"]
[Black "Kimbin, Richard Conrod"]
[Result "1-0"]
[WhiteElo "2370"]
[BlackElo "1934"]
[PlyCount "65"]
[EventDate "2010.02.12"]

1. d4 Nf6 2. Bg5 h6 3. Bxf6 exf6 4. e3 d5 5. c4 dxc4 6. Bxc4 Bd6 7. Ne2 f5 8.
Nbc3 c6 9. Qd2 O-O 10. O-O Nd7 11. Ng3 Qh4 12. Nce2 Nf6 13. Rfd1 g5 14. f3 f4
15. exf4 Bxf4 16. Nxf4 gxf4 17. Ne4 b6 18. Qe1 Qxe1+ 19. Rxe1 Kg7 20. Nxf6 Kxf6
21. Re4 Kg5 22. Re5+ f5 23. Rd1 Bd7 24. Kf2 Kf6 25. g3 fxg3+ 26. hxg3 Rfe8 27.
f4 Rxe5 28. dxe5+ Ke7 29. Rd6 Rh8 30. Rg6 a5 31. Rg7+ Kd8 32. e6 Be8 33. Bd3
1-0

[Event "III Memorial Salvatore Nobile"]
[Site "Roma ITA"]
[Date "2010.01.14"]
[Round "1"]
[White "Bogosaljevic, Miodrag"]
[Black "Baruffaldi, Giuseppe"]
[Result "1-0"]
[WhiteElo "1983"]
[BlackElo "1655"]
[PlyCount "109"]
[EventDate "2010.01.14"]

1. e4 c5 2. Nf3 d6 3. d4 cxd4 4. Nxd4 Nf6 5. Nc3 g6 6. Be3 Bg7 7. f3 Nc6 8. Qd2
O-O 9. O-O-O Bd7 10. Kb1 Qa5 11. g4 Rfc8 12. h4 Ne5 13. Nd5 Qxd2 14. Nxf6+ Bxf6
15. Rxd2 Nc4 16. Bxc4 Rxc4 17. g5 Bg7 18. Ne2 b6 19. Bd4 e5 20. Bc3 Bf8 21.
Bxe5 Bc6 22. b3 Rxe4 23. fxe4 Bxe4 24. Rhd1 dxe5 25. Nc3 Bf5 26. Rd8 Bc8 27.
Nd5 Bb7 28. Nf6+ Kg7 29. Rxa8 Bxa8 30. Rd8 Bc6 31. Kc1 a6 32. Kd2 b5 33. c3 a5
34. Rc8 Bb7 35. Rb8 Bc6 36. a3 b4 37. axb4 axb4 38. c4 e4 39. Ke2 e3 40. Kxe3
Bc5+ 41. Kd3 Bf8 42. Rd8 Bh1 43. Ke3 Bc5+ 44. Kf4 Bf8 45. Ke5 Bc6 46. Rxf8 Kxf8
47. Nxh7+ Ke7 48. Nf6 Bf3 49. Nd5+ Kf8 50. Nxb4 Bd1 51. c5 Bxb3 52. Kd6 Ke8 53.
c6 Kd8 54. Nd5 Bc4 55. c7+ 1-0

[Event "III Memorial Salvatore Nobile"]
[Site "Roma ITA"]
[Date "2010.01.14"]
[Round "1"]
[White "Ceccarelli, Lucio"]
[Black "Battistelli, Alessandro"]
[Result "0-1"]
[WhiteElo "1521"]
[BlackElo "1923"]
[PlyCount "66"]
[EventDate "2010.01.14"]

1. b4 e5 2. b5 d5 3. e3 Nd7 4. Bb2 Bd6 5. c4 Ngf6 6. Nf3 O-O 7. Be2 Re8 8. O-O
Nc5 9. Nc3 Be6 10. Ng5 d4 11. Nxe6 Rxe6 12. Nd5 c6 13. Nxf6+ Qxf6 14. d3 Rae8
15. a4 dxe3 16. fxe3 Qg5 17. Qc1 Nb3 18. Qc2 Nxa1 19. Rxa1 Qxe3+ 20. Kh1 Bc5
21. Bc3 Rf6 22. Re1 Qf2 23. Qb2 Bd4 24. bxc6 Bxc3 25. Qxc3 Qxe2 26. h3 Rf1+ 27.
Rxf1 Qxf1+ 28. Kh2 Qf4+ 29. Kg1 bxc6 30. Qb4 Qe3+ 31. Kh2 Qxd3 32. Qc5 Qd7 33.
Qb4 e4 0-1

[Event "III Memorial Salvatore Nobile"]
[Site "Roma ITA"]
[Date "2010.01.14"]
[Round "1"]
[White "Condemi De Felice, Alfonso"]
[Black "Sacco, Davide"]
[Result "1/2-1/2"]
[WhiteElo "1916"]
[BlackElo "1467"]
[PlyCount "107"]
[EventDate "2010.01.14"]

1. d4 Nf6 2. Nf3 e6 3. c4 b6 4. e3 d5 5. Nc3 Bb7 6. cxd5 exd5 7. Bd3 Nbd7 8.
O-O Be7 9. Qe2 Ne4 10. Nd2 Ndf6 11. f3 Nxd2 12. Bxd2 O-O 13. Rac1 h6 14. a3 c5
15. dxc5 Bxc5 16. b4 Bxe3+ 17. Bxe3 d4 18. Bf2 dxc3 19. Rxc3 Re8 20. Qc2 Rc8
21. Bc4 Re7 22. Rd1 Rd7 23. Rcd3 Rxd3 24. Qxd3 Qxd3 25. Bxd3 Kf8 26. b5 Bd5 27.
Bf5 Rc4 28. Bd4 Be6 29. Bxe6 fxe6 30. Be5 Nd5 31. Kf2 Kf7 32. Rd2 g5 33. g3 h5
34. Bb8 Ra4 35. Rd3 Ke7 36. h3 Ra5 37. Rb3 Nf6 38. Ke3 Nd7 39. Bc7 Nc5 40. Rc3
Rxb5 41. g4 hxg4 42. hxg4 Rb3 43. Rxb3 Nxb3 44. f4 gxf4+ 45. Kxf4 b5 46. Ke5 a5
47. g5 Kf7 48. Ke4 b4 49. axb4 axb4 50. Bd6 Nd2+ 51. Kd3 Nf3 52. Bxb4 Nxg5 53.
Ke3 Kf6 54. Ba5 1/2-1/2

[Event "III Memorial Salvatore Nobile"]
[Site "Roma ITA"]
[Date "2010.01.14"]
[Round "1"]
[White "Denozza, Mauro"]
[Black "Marta, Daniele"]
[Result "0-1"]
[WhiteElo "1660"]
[BlackElo "2064"]
[PlyCount "34"]
[EventDate "2010.01.14"]

1. d4 Nf6 2. Nf3 e6 3. e3 c5 4. c3 Be7 5. Bd3 b6 6. Nbd2 Ba6 7. Bxa6 Nxa6 8.
O-O O-O 9. Re1 d5 10. a3 Nc7 11. Ne5 Bd6 12. b4 Rc8 13. e4 cxd4 14. cxd4 dxe4
15. Nxe4 Bxe5 16. dxe5 Nxe4 17. Qxd8 Rfxd8 0-1

[Event "III Memorial Salvatore Nobile"]
[Site "Roma ITA"]
[Date "2010.01.14"]
[Round "1"]
[White "Maurizio, Antonio"]
[Black "Elia, Alessio"]
[Result "1/2-1/2"]
[WhiteElo "1449"]
[BlackElo "1891"]
[PlyCount "51"]
[EventDate "2010.01.14"]

1. c4 d6 2. d4 g6 3. Nc3 Bg7 4. e3 Nc6 5. Nf3 e5 6. d5 Nce7 7. Be2 f5 8. O-O
Nf6 9. Bd2 a5 10. h3 O-O 11. b3 c6 12. dxc6 bxc6 13. c5 e4 14. cxd6 Qxd6 15.
Nd4 Rd8 16. Bc1 c5 17. Ndb5 Qxd1 18. Rxd1 Rxd1+ 19. Bxd1 Nfd5 20. Bb2 Ba6 21.
Nxd5 Nxd5 22. Bxg7 Kxg7 23. Be2 Rb8 24. Rd1 Nf6 25. Nc3 Bxe2 26. Nxe2 1/2-1/2

[Event "III Memorial Salvatore Nobile"]
[Site "Roma ITA"]
[Date "2010.01.14"]
[Round "1"]
[White "Musmarra, Giovanni"]
[Black "Padovano, Vito"]
[Result "1-0"]
[WhiteElo "1735"]
[BlackElo "1413"]
[PlyCount "52"]
[EventDate "2010.01.14"]

1. e4 e5 2. Bc4 Nf6 3. Nc3 Bc5 4. d3 O-O 5. Nf3 d6 6. Bg5 Bg4 7. Nd5 Nbd7 8.
Ne3 Bxe3 9. fxe3 c5 10. h3 Qa5+ 11. Qd2 Qxd2+ 12. Kxd2 Bxf3 13. gxf3 h6 14. Bh4
g5 15. Rhg1 Kh8 16. Bf2 Nb6 17. Bb3 d5 18. exd5 Nfxd5 19. e4 Nf4 20. Bxc5 Nxh3
21. Rh1 Rfc8 22. Bxb6 axb6 23. Rxh3 Kg7 24. Bd5 Rc7 25. Rah1 Rh8 26. c3 b5 1-0

[Event "III Memorial Salvatore Nobile"]
[Site "Roma ITA"]
[Date "2010.01.14"]
[Round "1"]
[White "Nazzarri, Errico"]
[Black "Andreozzi, Paolo"]
[Result "0-1"]
[WhiteElo "1410"]
[BlackElo "1729"]
[PlyCount "48"]
[EventDate "2010.01.14"]

1. e4 c5 2. Nc3 e6 3. g3 Nc6 4. d3 d5 5. Bg2 d4 6. Nce2 e5 7. Nf3 Be7 8. O-O
Nf6 9. Ng5 h6 10. Nxf7 Kxf7 11. c3 Qb6 12. c4 Be6 13. b3 Raf8 14. Bd2 g5 15. h3
Ke8 16. g4 Nxg4 17. Ng3 Nf6 18. Nh5 Nxh5 19. Qxh5+ Kd7 20. Qe2 h5 21. f3 Rfg8
22. Rf2 Qd8 23. Raf1 g4 24. fxg4 hxg4 0-1

[Event "III Memorial Salvatore Nobile"]
[Site "Roma ITA"]
[Date "2010.01.14"]
[Round "1"]
[White "Prudenzano, Ruggero"]
[Black "D'Auria, Giuseppe"]
[Result "1-0"]
[WhiteElo "1927"]
[BlackElo "1525"]
[PlyCount "56"]
[EventDate "2010.01.14"]

1. d4 Nf6 2. c4 g6 3. Nc3 Bg7 4. e4 d6 5. Nge2 O-O 6. Ng3 e5 7. d5 b6 8. Be2
Nbd7 9. O-O Nc5 10. b4 Nb7 11. Be3 a5 12. a3 Bd7 13. Qd2 Ng4 14. Bxg4 Bxg4 15.
f3 axb4 16. axb4 Bd7 17. Qb2 Qc8 18. Rxa8 Qxa8 19. Ra1 Qe8 20. Ra7 Bc8 21. Nb5
Qd7 22. Qa2 c6 23. Nc3 Qc7 24. dxc6 Qxc6 25. Nd5 Re8 26. Bxb6 Be6 27. b5 Qc8
28. Nc7 Rf8 1-0

[Event "III Memorial Salvatore Nobile"]
[Site "Roma ITA"]
[Date "2010.01.14"]
[Round "1"]
[White "Quimi, Marco"]
[Black "Casella, Carlo"]
[Result "1-0"]
[WhiteElo "2147"]
[BlackElo "1700"]
[PlyCount "63"]
[EventDate "2010.01.14"]

1. d4 d5 2. Nf3 e6 3. Bf4 Bd6 4. e3 Bxf4 5. exf4 Nf6 6. Nbd2 Qd6 7. g3 Nbd7 8.
Bd3 c5 9. c3 c4 10. Bc2 b5 11. a3 Bb7 12. Qe2 O-O 13. O-O a5 14. Ne5 b4 15. Ba4
Nb6 16. Bc2 b3 17. Bb1 Rfc8 18. Re1 Ba6 19. Ndf3 h6 20. Nh4 Kf8 21. f5 Re8 22.
f4 Bc8 23. g4 exf5 24. Bxf5 Bxf5 25. Nxf5 Qc7 26. g5 hxg5 27. fxg5 Ng8 28. Qf3
f6 29. Ng6+ Kf7 30. Nh8+ Kf8 31. Qh5 Rxe1+ 32. Rxe1 1-0